000 00512nam a22001817a 4500
003 OSt
005 20140310181915.0
008 130716t xxu||||| |||| 00| 0 eng d
050 _aLB 1525
_b.B918 1963
082 _2TR 372.412
_bB85 1963
245 _aProgrammed prereading /
_cCynthia Dee Buchanan.
260 _aNew York :
_bWebster Division, McGraw-Hill Book Company,
_cc1963.
300 _a108 p. ;
_bill. ;
_c28 cm.
521 _aFaculty
541 _j1
562 _e1
942 _2lcc
_cBK-TR
_kTR
999 _c6692
_d6692